Migliori marcatori della Champions League per squadra #2 - Statistics

Statistiche generali
  • Questo quiz è stato fatto 26 volte
  • Il punteggio medio è 18 su 30
Statistiche sulle risposte
Goals Player % Corretto
29 Filippo Inzaghi
100%
221 Cristiano Ronaldo
92%
24 Marco Reus
92%
35 Thierry Henry
92%
30 Wayne Rooney
92%
42 Kylian Mbappé
84%
43 Mohamed Salah
84%
22 Neymar
84%
30 Édinson Cavani
80%
17 Robert Lewandowski
80%
22 Roberto Firmino
80%
9 Zlatan Ibrahimović
80%
20 Zlatan Ibrahimović
80%
29 Andrij Shevchenko
76%
25 Kakà
76%
28 Ryan Giggs
72%
21 Steven Gerrard
64%
24 Sadio Mané
60%
24 Paul Scholes
56%
18 Robin van Persie
56%
14 Ángel Di María
44%
15 Pierre-Emerick Aubameyang
40%
15 Erling Haaland
36%
35 Ruud van Nistelrooy
36%
13 Francesc Fabregas
28%
13 Serhou Guirassy
28%
15 Theo Walcott
16%
13 Fredrik Ljungberg
12%
10 Luis Garcia
4%
11 Marco Simone
4%
Nessun quiz corrispondente trovato
Distribuzione punteggi
Percentuale di utenti per punteggio
Percentile per numero di risposta
I tuoi punteggi nel tempo
Non hai fatto questo quiz